[Event "Baku Open 2013"]
[Site "Baku AZE"]
[Date "2013.09.19"]
[Round "1.1"]
[White "Alekseev, Evgeny"]
[Black "Rzayev, Bahruz"]
[Result "1-0"]
[WhiteTitle "GM"]
[BlackTitle "IM"]
[WhiteElo "2710"]
[BlackElo "2464"]
[WhiteFideId "4138147"]
[BlackFideId "13403036"]
[EventDate "2013.09.19"]

1. e4 e5 2. Nf3 Nc6 3. Bb5 a6 4. Ba4 d6 5. O-O Bd7 6. c3 g6 7. d4 Bg7 8. Be3 Nf6
9. Nbd2 O-O 10. Re1 Qe8 11. Bxc6 Bxc6 12. dxe5 Nxe4 13. Nxe4 Bxe4 14. exd6 cxd6
15. Nd2 Bc6 16. Bd4 Qd8 17. Bxg7 Kxg7 18. Re3 Re8 19. Nf1 Rxe3 20. Nxe3 Qf6 21.
Qg4 h5 22. Qb4 Re8 23. Rd1 Re6 24. Qd4 Qxd4 25. Rxd4 Kf8 26. h4 Ke7 27. Kf1 Re4
28. Rxe4+ Bxe4 29. Ke2 Ke6 30. f3 Bc6 31. Nc2 Ke5 32. Ke3 Bd5 33. b3 Be6 34. Nd4
Bd7 35. c4 Bc6 36. b4 Bd7 37. g3 Bh3 38. f4+ Kf6 39. Kd3 Bg2 40. a4 Bf1+ 41. Kc3
Ke7 42. Nc2 Be2 43. Ne3 Bf3 44. Kd4 Ke6 45. b5 Kd7 46. a5 Be2 47. bxa6 bxa6 48.
Nd5 Bf3 49. Nb4 Bb7 50. c5 Kc7 51. f5 gxf5 52. c6 Bxc6 53. Nxa6+ Kb7 54. Nb4 Be4
55. Nd5 Ka6 56. Nf6 Bf3 57. Ne8 Kxa5 58. Nxd6 f6 59. Ne8 Kb6 60. Nxf6 1-0

[Event "Baku Open 2013"]
[Site "Baku AZE"]
[Date "2013.09.19"]
[Round "1.5"]
[White "Efimenko, Zahar"]
[Black "Javakhishvili, Lela"]
[Result "1-0"]
[WhiteTitle "GM"]
[BlackTitle "IM"]
[WhiteElo "2661"]
[BlackElo "2459"]
[WhiteFideId "14107201"]
[BlackFideId "13601458"]
[EventDate "2013.09.19"]

1. Nf3 Nf6 2. g3 b5 3. Bg2 Bb7 4. Na3 a6 5. c4 c6 6. d4 e6 7. O-O d5 8. c5 a5 9.
Nc2 Nbd7 10. Nce1 Be7 11. Nd3 O-O 12. a3 Ne4 13. Bf4 Bf6 14. Qc2 h6 15. Nfe5 g5
16. Be3 Bg7 17. Nxd7 Qxd7 18. f3 Nf6 19. Ne5 Qd8 20. f4 Nd7 21. Nxd7 Qxd7 22.
fxg5 hxg5 23. Bxg5 Bxd4+ 24. e3 Bg7 25. Bf6 e5 26. Rf5 Bxf6 27. Rxf6 Qg4 28.
Raf1 Rae8 29. Qf2 Re7 30. h4 Qg7 31. Bh3 Bc8 32. Bxc8 Rxc8 33. Rf5 Kf8 34. Rg5
Qh6 35. Qf5 Qe6 36. Qh7 Ke8 37. Rg7 d4 38. Rd1 Qf6 39. Rf1 Qe6 40. Qe4 Kd7 41.
exd4 Qc4 42. Rfxf7 Rxf7 43. Qf5+ Ke7 44. Rxf7+ Qxf7 45. Qxc8 Qb3 46. Qc7+ Kf8
47. Qd6+ Kf7 48. Qd7+ Kg8 49. Qe8+ Kh7 50. Qh5+ Kg8 51. Qg6+ Kh8 52. dxe5 Qxb2
53. e6 Qe5 54. Qe8+ Kh7 55. Qf7+ Kh8 56. Kh2 Qe2+ 57. Kh3 Qe1 58. Qe8+ Kg7 59.
Qxc6 b4 60. axb4 axb4 61. Qd7+ Kh6 62. Qd5 b3 63. e7 Qxe7 64. Qxb3 Qxc5 65. Qe6+
Kg7 66. Qe4 Kh6 67. Qf3 Qc8+ 68. g4 Kg7 69. h5 Qc1 70. Qb7+ Kh8 71. Qb8+ Kh7 72.
Qa7+ Kg8 73. Qf2 Qg5 74. Qd4 Qc1 75. Qd5+ Kg7 76. Qe5+ Kh7 77. Kh4 Qd2 78. Qg3
Qc1 79. Qd3+ Kh8 80. Qd4+ Kh7 81. Qe4+ Kh8 82. g5 Qc7 83. h6 Qf7 84. Kg4 Qg6 85.
Qf5 Qe8 86. Qf6+ 1-0

[Event "Baku Open 2013"]
[Site "Baku AZE"]
[Date "2013.09.19"]
[Round "1.10"]
[White "Iskandarov, Misratdin"]
[Black "Mamedov, Rauf"]
[Result "0-1"]
[WhiteTitle "IM"]
[BlackTitle "GM"]
[WhiteElo "2406"]
[BlackElo "2641"]
[WhiteFideId "13400312"]
[BlackFideId "13401653"]
[EventDate "2013.09.19"]

1. Nf3 g6 2. g3 Bg7 3. Bg2 d5 4. O-O Nf6 5. c4 c6 6. cxd5 cxd5 7. d4 O-O 8. Nc3
Nc6 9. Ne5 Ng4 10. Nxc6 bxc6 11. Bf4 e5 12. dxe5 g5 13. Bd2 Nxe5 14. Qc1 h6 15.
f4 Nc4 16. Kh1 Re8 17. e4 dxe4 18. fxg5 e3 19. Be1 hxg5 20. Ne4 Ba6 21. Bc3 e2
22. Nf6+ Bxf6 23. Rxf6 Ne3 24. Rh6 f6 25. Bxc6 Rc8 26. Bf3 Nf5 27. Rh5 e1=Q+ 28.
Qxe1 Rxe1+ 29. Rxe1 Bc4 30. Rd1 Qe7 31. Re1 Qf7 32. Kg1 Re8 33. Rd1 Qe7 0-1

[Event "Baku Open 2013"]
[Site "Baku AZE"]
[Date "2013.09.19"]
[Round "1.11"]
[White "Azarov, Sergei"]
[Black "Babayev, Talib"]
[Result "1-0"]
[WhiteTitle "GM"]
[BlackTitle "IM"]
[WhiteElo "2636"]
[BlackElo "2397"]
[WhiteFideId "13501470"]
[BlackFideId "13401432"]
[EventDate "2013.09.19"]

1. e4 c6 2. d4 d5 3. Nd2 g6 4. e5 Bg7 5. Ngf3 Nh6 6. Be2 O-O 7. O-O f6 8. c4 Nf7
9. exf6 exf6 10. Re1 Na6 11. cxd5 cxd5 12. Bxa6 bxa6 13. Nb3 Rb8 14. Nc5 Re8 15.
b3 Nd6 16. Bf4 Rb6 17. Bxd6 Rxd6 18. Qd2 g5 19. Rxe8+ Qxe8 20. Re1 Qd8 21. h3
Bf5 22. Nb7 Qd7 23. Nxd6 Qxd6 24. Re8+ Kf7 25. Ra8 Qb6 26. Qe2 Bd7 27. Qc2 g4
28. hxg4 Bxg4 29. Qc5 1-0

[Event "Baku Open 2013"]
[Site "Baku AZE"]
[Date "2013.09.19"]
[Round "1.12"]
[White "Noroozi, Omid"]
[Black "Mchedlishvili, Mikheil"]
[Result "1/2-1/2"]
[BlackTitle "GM"]
[WhiteElo "2385"]
[BlackElo "2633"]
[WhiteFideId "12501190"]
[BlackFideId "13600966"]
[EventDate "2013.09.19"]

1. c4 e5 2. Nc3 Bb4 3. Nd5 Be7 4. d4 d6 5. e3 Nf6 6. Ne2 O-O 7. Nec3 c6 8. Nxe7+
Qxe7 9. b3 e4 10. Be2 d5 11. a4 Re8 12. Ba3 Qd8 13. Rc1 Be6 14. O-O Nbd7 15.
cxd5 Bxd5 16. b4 a6 17. Nxd5 Nxd5 18. Qb3 N7f6 19. b5 cxb5 20. axb5 a5 21. Rc5
Re7 22. Rfc1 Rd7 23. Qc2 Qb6 24. Bc4 Re8 25. Qb3 Red8 26. Qb1 Re8 27. Qb3 Red8
28. h3 h6 29. Qb1 Re8 30. Qb3 Red8 31. Qb1 1/2-1/2

[Event "Baku Open 2013"]
[Site "Baku AZE"]
[Date "2013.09.19"]
[Round "1.13"]
[White "Smirnov, Pavel"]
[Black "Ahmadinia, Ebrahim"]
[Result "1/2-1/2"]
[WhiteTitle "GM"]
[BlackTitle "IM"]
[WhiteElo "2627"]
[BlackElo "2381"]
[WhiteFideId "4123425"]
[BlackFideId "12501891"]
[EventDate "2013.09.19"]

1. d4 d5 2. c4 c6 3. cxd5 cxd5 4. Bf4 Nf6 5. Nc3 Nc6 6. e3 a6 7. Be2 Bf5 8. Nf3
e6 9. Qb3 Bd6 10. Bxd6 Qxd6 11. Qxb7 O-O 12. Qb3 Rfb8 13. Qa3 Qxa3 14. bxa3 Ne4
15. Na4 Bg4 16. Rc1 Na5 17. Ne5 Bxe2 18. Kxe2 f6 19. Nd7 Rb5 20. Rc7 Nc4 21. Rc1
Re8 22. Rc6 a5 23. f3 Ned6 24. e4 Re7 25. Ndc5 e5 26. Rd1 dxe4 27. fxe4 Ne8 28.
d5 Ncd6 29. Nc3 Rb2+ 30. Rd2 Rb8 31. a4 Rb4 32. Nb5 Nxe4 33. d6 Nxd2 34. dxe7
Ne4 35. Nd3 Rxa4 36. a3 Ng5 37. Nc5 Rg4 38. g3 Kf7 39. Nc3 Rc4 40. Nd5 Ne4 41.
Nb7 Rxc6 42. Nd8+ Kg6 43. Nxc6 a4 44. Kd3 N4d6 45. Kc3 Kf5 46. Kb4 Ke4 47. Nc3+
Kd3 48. Nxa4 e4 49. Nb2+ Kc2 50. Nc4 Nc8 51. Kc5 Kb3 52. Kd4 f5 53. Ne3 g6 54.
Ke5 Kxa3 55. Ke6 Kb3 56. Kd7 Ned6 57. e8=Q Nxe8 58. Kxe8 Kc3 59. Kf7 Kd3 60. Ng2
Ke2 61. Kg7 Kf3 62. Nh4+ Kg4 63. Kxh7 f4 64. Ne5+ Kh3 65. gxf4 Kxh4 66. Kxg6 e3
67. Kf5 Nd6+ 68. Ke6 Ne4 69. f5 e2 70. Nf3+ Kg4 71. Ne1 Kh3 72. Ke5 Nc5 73. Kf4
Kxh2 74. f6 Ne6+ 75. Ke3 Kg3 76. Kxe2 1/2-1/2

[Event "Baku Open 2013"]
[Site "Baku AZE"]
[Date "2013.09.19"]
[Round "1.14"]
[White "Guliev, Logman"]
[Black "Korneev, Oleg"]
[Result "1/2-1/2"]
[WhiteTitle "IM"]
[BlackTitle "GM"]
[WhiteElo "2380"]
[BlackElo "2621"]
[WhiteFideId "13400061"]
[BlackFideId "4156803"]
[EventDate "2013.09.19"]

1. e4 c5 2. Nf3 e6 3. d4 cxd4 4. Nxd4 Nc6 5. Nxc6 bxc6 6. Bd3 Nf6 7. O-O d5 8.
e5 Nd7 9. Re1 Qc7 10. Bf4 Rb8 11. b3 g6 12. Nd2 Bg7 13. Nf3 O-O 14. Qd2 c5 15.
Bh6 Nxe5 16. Nxe5 Bxe5 17. Rxe5 Qxe5 18. Re1 Qd6 19. Bxf8 Kxf8 20. c4 d4 21. Qg5
Kg7 22. Qe5+ Qxe5 23. Rxe5 f5 24. Rxc5 Kf6 25. f4 g5 26. g4 gxf4 27. gxf5 e5 28.
Rc6+ Kg5 29. Rc5 Kf6 30. Rc6+ Kg5 31. Rc5 Kf6 1/2-1/2

[Event "Baku Open 2013"]
[Site "Baku AZE"]
[Date "2013.09.19"]
[Round "1.16"]
[White "Omar, Noaman"]
[Black "Solak, Dragan"]
[Result "1/2-1/2"]
[WhiteTitle "IM"]
[BlackTitle "GM"]
[WhiteElo "2362"]
[BlackElo "2615"]
[WhiteFideId "9300244"]
[BlackFideId "916811"]
[EventDate "2013.09.19"]

1. d4 d6 2. e4 Nf6 3. f3 c5 4. d5 e6 5. c4 exd5 6. cxd5 Be7 7. Ne2 O-O 8. Nec3
Ne8 9. Be2 f5 10. exf5 Bxf5 11. O-O Nd7 12. Be3 Nc7 13. Nd2 Bf6 14. Nde4 Qe7 15.
Nxf6+ Nxf6 16. Bf2 Rae8 17. Re1 Qd7 18. Qb3 b6 19. a4 Bg6 20. Bb5 Nxb5 21. Qxb5
Qxb5 22. Nxb5 Nxd5 23. Nxd6 Rxe1+ 24. Rxe1 Rf4 25. Ne4 Bxe4 26. fxe4 Nf6 27. e5
Ne4 28. Be3 Rf5 29. Bd4 Ng5 30. e6 Nxe6 31. Rxe6 cxd4 32. Rd6 Rf4 33. g3 Re4 34.
Kf2 Kf7 35. Kf3 Re3+ 36. Kf4 Ke7 37. Rxd4 Rb3 38. Rc4 Kd6 39. Rd4+ Kc6 40. Rc4+
Kb7 41. Re4 Rxb2 42. Re7+ Ka6 43. h4 Rb4+ 44. Kg5 h6+ 45. Kh5 g5 46. hxg5 hxg5
47. Kxg5 Rxa4 48. g4 Ra1 49. Kf6 Rf1+ 50. Ke6 Rg1 51. Kf5 Rf1+ 52. Ke6 b5 53. g5
Rg1 54. Kf6 Rf1+ 55. Ke6 b4 56. Kd5 Kb6 57. Kc4 Rf4+ 58. Kb3 a5 59. Re6+ Kc7 60.
Ka4 Rf1 61. Kxa5 b3 62. Re2 Rg1 63. Kb4 Rg3 64. g6 Kd7 65. g7 Rxg7 66. Kxb3 1/2-1/2

[Event "Baku Open 2013"]
[Site "Baku AZE"]
[Date "2013.09.19"]
[Round "1.17"]
[White "Iordachescu, Viorel"]
[Black "Darban, Morteza"]
[Result "1-0"]
[WhiteTitle "GM"]
[BlackTitle "IM"]
[WhiteElo "2609"]
[BlackElo "2358"]
[WhiteFideId "13900200"]
[BlackFideId "12501816"]
[EventDate "2013.09.19"]

1. e4 Nf6 2. e5 Nd5 3. d4 d6 4. Nf3 dxe5 5. Nxe5 g6 6. Bc4 c6 7. O-O Bg7 8. Re1
O-O 9. Bb3 Be6 10. c3 Nd7 11. Nf3 N7b6 12. Nbd2 a5 13. a4 Bg4 14. h3 Bxf3 15.
Nxf3 e6 16. h4 Nf6 17. Ne5 Nbd5 18. Bg5 h6 19. Bd2 Rc8 20. Nd3 Re8 21. Qf3 Qb6
22. Ba2 h5 23. Re2 Ng4 24. Rae1 Qc7 25. g3 b6 26. Bg5 Qd6 27. Bc4 Rc7 28. Nf4
Rec8 29. Nxd5 exd5 30. Ba6 Ra8 31. Qf4 Qxf4 32. Bxf4 Rca7 33. Re8+ Kh7 34. Rxa8 1-0

[Event "Baku Open 2013"]
[Site "Baku AZE"]
[Date "2013.09.19"]
[Round "1.19"]
[White "Pantsulaia, Levan"]
[Black "Abdulov, Orkhan"]
[Result "1/2-1/2"]
[WhiteTitle "GM"]
[BlackTitle "IM"]
[WhiteElo "2596"]
[BlackElo "2356"]
[WhiteFideId "13602071"]
[BlackFideId "13402714"]
[EventDate "2013.09.19"]

1. Nf3 d6 2. g3 g6 3. Bg2 Bg7 4. c4 Nd7 5. Nc3 e5 6. O-O Ne7 7. d3 O-O 8. Rb1 f5
9. b4 a5 10. a3 axb4 11. axb4 e4 12. Ng5 Ne5 13. dxe4 h6 14. Nh3 fxe4 15. Nf4 g5
16. Nfd5 Nxc4 17. Bxe4 Be6 18. Bc2 Nxd5 19. Nxd5 Na3 20. Bxa3 Rxa3 21. Qc1 Ra2
22. Nxc7 Bf7 23. Bd3 Qd7 24. Nb5 Ra6 25. Qc7 Qxc7 26. Nxc7 Rc6 27. Nb5 Be5 28.
Rfd1 Ba2 29. Rbc1 Rfc8 30. Rxc6 bxc6 31. Na3 d5 32. Rd2 Bb3 33. Bc2 Bxc2 34.
Nxc2 Rb8 35. Rd3 Bd6 36. Ra3 Bxb4 37. Ra6 c5 38. Rxh6 Bd2 39. Ne3 Bxe3 40. fxe3
c4 41. Kf2 Kf7 42. Rd6 Rb5 43. Rc6 Rb2 44. h3 Ke7 45. e4 d4 46. Rxc4 d3 47. Rd4
dxe2 48. Rd5 Rb3 49. Kxe2 Rxg3 50. Rd3 Rg1 51. Kf2 Rh1 52. Re3 Ke6 53. Kg2 Ra1
54. Kf3 Ke5 55. Kg4 Kd4 56. Re2 Kd3 57. Kf3 Rf1+ 58. Rf2 Rxf2+ 59. Kxf2 Kxe4 1/2-1/2

[Event "Baku Open 2013"]
[Site "Baku AZE"]
[Date "2013.09.19"]
[Round "1.22"]
[White "Nasri, Amin"]
[Black "Kotronias, Vasilios"]
[Result "0-1"]
[BlackTitle "GM"]
[WhiteElo "2347"]
[BlackElo "2579"]
[WhiteFideId "12501972"]
[BlackFideId "5900212"]
[EventDate "2013.09.19"]

1. d4 Nf6 2. c4 g6 3. Nc3 Bg7 4. e4 d6 5. Nf3 O-O 6. h3 e5 7. d5 a5 8. Bg5 Na6
9. g4 Qe8 10. Nd2 Kh8 11. Qe2 Nd7 12. Nb3 Ndc5 13. Nxc5 Nxc5 14. h4 f5 15. gxf5
gxf5 16. Bh3 Qg6 17. Be3 Bh6 18. h5 Qg7 19. Bxc5 dxc5 20. Kd1 fxe4 21. Bxc8 Qg2
22. Rf1 Raxc8 23. Nxe4 Rf3 24. Kc2 Re3 0-1

[Event "Baku Open 2013"]
[Site "Baku AZE"]
[Date "2013.09.19"]
[Round "1.24"]
[White "Pourkashiyan, Atousa"]
[Black "Durarbayli, Vasif"]
[Result "1-0"]
[WhiteTitle "WGM"]
[BlackTitle "GM"]
[WhiteElo "2303"]
[BlackElo "2567"]
[WhiteFideId "12502014"]
[BlackFideId "13402935"]
[EventDate "2013.09.19"]

1. e4 c5 2. Nf3 Nc6 3. d4 cxd4 4. Nxd4 Nf6 5. Nc3 d6 6. Be2 g6 7. O-O Bg7 8. Be3
O-O 9. Qd2 Bd7 10. Rad1 Rc8 11. f3 a6 12. Kh1 b5 13. Nxc6 Bxc6 14. Nd5 Bxd5 15.
exd5 Nd7 16. c3 Nb6 17. Rfe1 Re8 18. Bf1 Na4 19. Qf2 Qd7 20. Bd4 Qb7 21. f4 Bxd4
22. Rxd4 f5 23. c4 bxc4 24. Bxc4 Rc7 25. b3 Nc5 26. Qe2 Rf8 27. h3 a5 28. Kh2 a4
29. bxa4 Nxa4 30. Ba6 Qb6 31. Rxa4 Ra8 32. Bb5 Rxa4 33. Bxa4 Qb4 34. Qe6+ Kf8
35. Bc6 Qxf4+ 36. Kh1 Qh4 37. a4 Ra7 38. Rb1 Kg7 39. Qe3 1-0

[Event "Baku Open 2013"]
[Site "Baku AZE"]
[Date "2013.09.19"]
[Round "1.26"]
[White "Mamedjarova, Zeinab"]
[Black "Jumabayev, Rinat"]
[Result "0-1"]
[WhiteTitle "WGM"]
[BlackTitle "GM"]
[WhiteElo "2268"]
[BlackElo "2562"]
[WhiteFideId "13401521"]
[BlackFideId "13702661"]
[EventDate "2013.09.19"]

1. d4 Nf6 2. Nf3 g6 3. g3 Bg7 4. Bg2 c5 5. c3 Qc7 6. O-O O-O 7. Re1 Ne4 8. Bf4
Qb6 9. Qc2 d5 10. Nbd2 Bf5 11. g4 Nxd2 12. gxf5 Nxf3+ 13. Bxf3 cxd4 14. cxd4 Nc6
15. e3 e6 16. Kh1 exf5 17. a3 Rac8 18. Rec1 Nxd4 19. Qxc8 Nxf3 20. Qc2 Qe6 21.
Rab1 d4 22. Kg2 Qd5 23. Kf1 d3 24. Qd1 Nd2+ 0-1

[Event "Baku Open 2013"]
[Site "Baku AZE"]
[Date "2013.09.19"]
[Round "1.28"]
[White "Umudova, Nargiz"]
[Black "Ghaem Maghami, Ehsan"]
[Result "0-1"]
[WhiteTitle "WIM"]
[BlackTitle "GM"]
[WhiteElo "2256"]
[BlackElo "2549"]
[WhiteFideId "13402137"]
[BlackFideId "12500739"]
[EventDate "2013.09.19"]

1. e4 c5 2. Nf3 d6 3. d4 cxd4 4. Nxd4 Nf6 5. Nc3 a6 6. Be2 e5 7. Nb3 Be7 8. O-O
O-O 9. Kh1 b6 10. Bg5 Nbd7 11. a4 Bb7 12. Bf3 Rc8 13. Qe2 Qc7 14. Rad1 h6 15.
Bxf6 Nxf6 16. Rfe1 Qc4 17. Qe3 Qc7 18. Re2 Rfe8 19. Nc1 Qc5 20. Qd2 b5 21. axb5
axb5 22. N3a2 d5 23. exd5 e4 24. Bxe4 Nxe4 25. Rxe4 Bxd5 26. Re2 Qc6 27. f3 Rcd8
28. Qc3 Bxa2 29. Rxd8 Rxd8 30. Qe1 Be6 0-1

[Event "Baku Open 2013"]
[Site "Baku AZE"]
[Date "2013.09.19"]
[Round "1.31"]
[White "Nigalidze, Gaioz"]
[Black "Bayramov, Vugar"]
[Result "1-0"]
[WhiteTitle "IM"]
[WhiteElo "2508"]
[BlackElo "2245"]
[WhiteFideId "13603078"]
[BlackFideId "13400916"]
[EventDate "2013.09.19"]

1. d4 d5 2. c4 dxc4 3. e3 e5 4. Bxc4 exd4 5. exd4 Nf6 6. Nf3 Bb4+ 7. Nc3 O-O 8.
O-O Bg4 9. Qb3 Bxf3 10. Qxb4 Nc6 11. Qa4 Bh5 12. d5 Nd4 13. Be3 c5 14. dxc6 Nxc6
15. Bg5 h6 16. Bh4 Qd4 17. Nb5 Qxb2 18. Rab1 Qe5 19. Rfe1 Qf5 20. Nc7 Rac8 21.
Rb5 Qg6 22. Rxb7 Nd4 23. Bg3 Rcd8 24. Nb5 Nc2 25. Rc1 a6 26. Nd6 Rxd6 27. Bxd6
Bf3 28. Bg3 Bxb7 29. Qxc2 Qg5 30. h4 Qa5 31. Bb3 Ne4 32. Qc7 Qb5 33. Bf4 Ba8 34.
Be3 Qh5 35. Qf4 Qg6 36. f3 Ng3 37. Kf2 Ne2 38. Kxe2 Qxg2+ 39. Kd3 Bxf3 40. Kc3
a5 41. Rg1 Qe2 1-0

[Event "Baku Open 2013"]
[Site "Baku AZE"]
[Date "2013.09.19"]
[Round "1.32"]
[White "Aliakbarov, Anar"]
[Black "Maghalashvili, Davit"]
[Result "1-0"]
[BlackTitle "IM"]
[WhiteElo "2232"]
[BlackElo "2502"]
[WhiteFideId "13401858"]
[BlackFideId "13602276"]
[EventDate "2013.09.19"]

1. d4 Nf6 2. c4 c5 3. d5 d6 4. Nc3 g6 5. e4 Bg7 6. Nf3 O-O 7. Be2 e6 8. Nd2 Na6
9. O-O Nc7 10. a4 Re8 11. Re1 a6 12. a5 exd5 13. cxd5 Bd7 14. Qb3 Rb8 15. Ra3
Nb5 16. Nxb5 axb5 17. Bxb5 Bxb5 18. Qxb5 Nxd5 19. Nf3 Nb4 20. Qc4 Nc6 21. Qb5
Nd4 22. Nxd4 Bxd4 23. Re2 Qf6 24. Rf3 Qe6 25. Kf1 Ra8 26. Bd2 Re7 27. Bc3 Bxc3
28. Rxc3 Qe5 29. g3 Qe6 30. f3 Qh3+ 31. Kg1 Rae8 32. Qc4 Kg7 33. Rce3 Re6 34.
Qd5 R8e7 35. f4 h5 36. Qd3 h4 37. Qc3+ f6 38. Qd3 Re8 39. Rg2 Qg4 40. h3 Qh5 41.
gxh4 f5 42. Qd5 R8e7 43. exf5 Rxe3 44. Rxg6+ Qxg6+ 45. fxg6 Rg3+ 46. Kf2 Rxg6
47. h5 Rf6 48. Qg5+ Kf7 49. h6 Re8 50. Kf3 Ke6 51. Qg4+ Kd5 52. Qg7 Rff8 53.
Qxb7+ Kc4 54. Qa6+ Kd5 55. h7 Ra8 56. Qb7+ Kc4 57. Qe4+ Kb5 58. Qd5 Rad8 59. Kg4
Rh8 60. Kg5 Rd7 61. Qd3+ Kc6 62. Kh6 Rdxh7+ 63. Qxh7 Rxh7+ 64. Kxh7 d5 65. f5 d4
66. f6 d3 67. f7 d2 68. f8=Q d1=Q 69. Qf6+ Kd7 70. Qg7+ Kc6 71. a6 Kb5 72. Qb7+
Ka5 73. a7 Qh5+ 74. Kg8 Qg6+ 75. Kf8 Qf6+ 76. Kg8 Qg6+ 77. Kf8 Qf6+ 78. Qf7 Qh8+
79. Ke7 Qe5+ 80. Kd7 Qd4+ 81. Kc7 Qe4 82. a8=Q+ 1-0

[Event "Baku Open 2013"]
[Site "Baku AZE"]
[Date "2013.09.19"]
[Round "1.33"]
[White "Abasov, Nijat"]
[Black "Kazimova, Narmin"]
[Result "1-0"]
[WhiteTitle "GM"]
[BlackTitle "WIM"]
[WhiteElo "2492"]
[BlackElo "2225"]
[WhiteFideId "13402960"]
[BlackFideId "13402951"]
[EventDate "2013.09.19"]

1. d4 d5 2. c4 c6 3. Nf3 Nf6 4. Nc3 e6 5. Qd3 Nbd7 6. e4 dxe4 7. Nxe4 Be7 8. Nc3
O-O 9. Bf4 c5 10. d5 exd5 11. cxd5 Re8 12. Be2 c4 13. Qd1 Bb4 14. O-O Nb6 15. d6
Bxc3 16. bxc3 Nfd5 17. Be5 f6 18. Bd4 Be6 19. Re1 Rc8 20. a4 Qxd6 21. a5 Nd7 22.
Bxa7 Qa6 23. Bd4 Bf7 24. Bf1 Rxe1 25. Qxe1 Nc5 26. Nd2 Nd3 27. Qb1 Bg6 28. Qd1
Ne7 29. Qg4 Bf5 30. Qg3 Bg6 31. Rb1 Nf5 32. Qg4 Re8 33. Bb6 Ne5 34. Qf4 Nd6 35.
Re1 Bf7 36. Qd4 Nb5 37. Qh4 Nd6 38. Ne4 Nxe4 39. Rxe4 Qb5 40. Re3 Qc6 41. h3 Qb5
42. Qd4 Re7 43. Qd8+ Re8 44. Qc7 Qd5 45. Be2 g5 46. Bd4 Qb5 47. Kh2 h6 48. Bf3
Kg7 49. Bxe5 fxe5 50. Bxb7 Qb2 51. Qxf7+ 1-0

[Event "Baku Open 2013"]
[Site "Baku AZE"]
[Date "2013.09.19"]
[Round "1.35"]
[White "Rasulov, Vugar"]
[Black "Khalafova, Narmin"]
[Result "1-0"]
[WhiteTitle "GM"]
[BlackTitle "WFM"]
[WhiteElo "2488"]
[BlackElo "2131"]
[WhiteFideId "13402390"]
[BlackFideId "13402625"]
[EventDate "2013.09.19"]

1. e4 c5 2. Nf3 d6 3. d4 Nf6 4. Nc3 cxd4 5. Nxd4 e5 6. Bb5+ Bd7 7. Bxd7+ Qxd7 8.
Nde2 Qc6 9. Ng3 g6 10. Bg5 Be7 11. Qd2 Nbd7 12. h4 h5 13. O-O-O O-O-O 14. Kb1
Nb6 15. Qe2 Rhe8 16. Bxf6 Bxf6 17. Qf3 Re6 18. Nd5 Nd7 19. Rd3 Kb8 20. Rc3 Qa4
21. Rc7 Qa5 22. Rxd7 Rxd7 23. Nxf6 Rd8 24. Nd5 Rd7 25. Rd1 Qd8 26. Rh1 Qf8 27.
a3 Qd8 28. c4 f6 29. Nf1 Rf7 30. Nfe3 Qh8 31. Rc1 Qf8 32. Rc3 Re8 33. Qg3 Rg7
34. f3 f5 35. Qg5 f4 36. Nc2 Rc8 37. Ncb4 Qd8 38. Nd3 b6 39. b4 Qxg5 40. hxg5
Rb7 41. Kc2 Re8 42. c5 bxc5 43. bxc5 dxc5 44. Nxc5 Rg7 45. a4 h4 46. a5 Rh8 47.
a6 h3 48. gxh3 Rxh3 49. Rb3+ Kc8 50. Rb7 Rhh7 51. Nb6+ axb6 52. a7 1-0

[Event "Baku Open 2013"]
[Site "Baku AZE"]
[Date "2013.09.19"]
[Round "1.36"]
[White "Mammadzada, Gunay"]
[Black "Kuderinov, Kirill"]
[Result "0-1"]
[WhiteTitle "WFM"]
[BlackTitle "IM"]
[WhiteElo "2104"]
[BlackElo "2480"]
[WhiteFideId "13403729"]
[BlackFideId "13701568"]
[EventDate "2013.09.19"]

1. e4 c5 2. Nf3 Nc6 3. d4 cxd4 4. Nxd4 g6 5. c4 Bg7 6. Be3 Nf6 7. Nc3 O-O 8. f3
d6 9. Qd2 Nxd4 10. Bxd4 Be6 11. Bd3 Rc8 12. b3 Qa5 13. Rc1 a6 14. Ne2 Qxd2+ 15.
Kxd2 Nd7 16. Bxg7 Kxg7 17. Nf4 Ne5 18. h4 h6 19. Rcf1 Bd7 20. Be2 e6 21. Nd3 Nc6
22. Ke3 Rfd8 23. Rc1 Ne7 24. Rhd1 Bc6 25. Nb4 a5 26. Nxc6 bxc6 27. c5 d5 28. f4
Rb8 29. g4 Rb4 30. Rc4 Rb5 31. Rc2 Rbb8 32. Rcd2 a4 33. bxa4 Ra8 34. Rd4 Rdb8
35. a3 dxe4 36. Kxe4 Nd5 37. Rc4 Rb2 38. Kf3 f5 39. g5 hxg5 40. hxg5 Rh8 41. Bf1
Rhh2 42. Rcd4 Rbf2+ 43. Kg3 e5 0-1

[Event "Baku Open 2013"]
[Site "Baku AZE"]
[Date "2013.09.20"]
[Round "2.1"]
[White "Kotronias, Vasilios"]
[Black "Alekseev, Evgeny"]
[Result "1/2-1/2"]
[WhiteTitle "GM"]
[BlackTitle "GM"]
[WhiteElo "2579"]
[BlackElo "2710"]
[WhiteFideId "5900212"]
[BlackFideId "4138147"]
[EventDate "2013.09.19"]

1. e4 e5 2. Nf3 Nc6 3. Bb5 Nf6 4. d3 Bc5 5. Bxc6 dxc6 6. O-O Nd7 7. Nbd2 O-O 8.
Nc4 Re8 9. Qe1 f6 10. b4 Be7 11. Be3 Nf8 12. Qc3 Bg4 13. Nfd2 b6 14. f3 Bh5 15.
Nb3 Ne6 16. a3 Qd7 17. Rad1 Rad8 18. Qb2 Bf7 19. g3 Nd4 20. Bxd4 exd4 21. c3 c5
22. bxc5 Bxc5 23. Nxc5 bxc5 24. cxd4 Bxc4 25. dxc4 cxd4 26. c5 f5 27. Qb3+ Kh8
28. Qb7 d3 29. Rf2 fxe4 30. fxe4 h6 31. Kg2 Qd4 32. Qxc7 Qxe4+ 33. Kh3 Rd5 34.
Qf7 Rc8 35. Qf3 Qxf3 36. Rxf3 Rcxc5 1/2-1/2

[Event "Baku Open 2013"]
[Site "Baku AZE"]
[Date "2013.09.20"]
[Round "2.4"]
[White "Ghaem Maghami, Ehsan"]
[Black "Efimenko, Zahar"]
[Result "1/2-1/2"]
[WhiteTitle "GM"]
[BlackTitle "GM"]
[WhiteElo "2549"]
[BlackElo "2661"]
[WhiteFideId "12500739"]
[BlackFideId "14107201"]
[EventDate "2013.09.19"]

1. e4 e5 2. Nf3 Nc6 3. Bb5 a6 4. Ba4 Nf6 5. O-O Be7 6. Re1 b5 7. Bb3 d6 8. c3
O-O 9. h3 Nb8 10. d4 Nbd7 11. Nbd2 Bb7 12. Bc2 c5 13. d5 g6 14. Nf1 Re8 15. b3
Qc7 16. Be3 Bf8 17. g4 c4 18. b4 a5 19. Ng3 Nb6 20. Bg5 Bg7 21. a3 axb4 22. cxb4
Ra6 23. Nd2 1/2-1/2

[Event "Baku Open 2013"]
[Site "Baku AZE"]
[Date "2013.09.20"]
[Round "2.6"]
[White "Sutovsky, Emil"]
[Black "Nigalidze, Gaioz"]
[Result "1-0"]
[WhiteTitle "GM"]
[BlackTitle "IM"]
[WhiteElo "2660"]
[BlackElo "2508"]
[WhiteFideId "2802007"]
[BlackFideId "13603078"]
[EventDate "2013.09.19"]

1. e4 c5 2. Nf3 d6 3. d4 cxd4 4. Nxd4 Nf6 5. Nc3 a6 6. h3 e6 7. g4 d5 8. Nde2
Bb4 9. exd5 Qxd5 10. Qxd5 Nxd5 11. Bg2 Nc6 12. O-O Nxc3 13. Nxc3 Nd4 14. Bd2
Ne2+ 15. Kh1 Nxc3 16. a3 Be7 17. Bxc3 Bf6 18. Rab1 Bxc3 19. bxc3 Ke7 20. c4 Kd6
21. Rfd1+ Kc7 22. c5 a5 23. Rb3 Ra7 24. Rbd3 Ra6 25. Rd6 Rxd6 26. cxd6+ Kd7 27.
Bf1 b6 28. Bb5+ Kd8 29. Rb1 Bd7 30. Kg2 g5 31. Bxd7 Kxd7 32. Rxb6 Rc8 33. Rb7+
Kxd6 34. Rxf7 h6 35. Rh7 Rxc2 36. Rxh6 Rc3 37. Rh5 Rxa3 38. Rxg5 Ke7 39. h4 Kf6
40. Rc5 a4 41. h5 Rd3 42. g5+ Ke7 43. h6 Kf7 44. Rc7+ Kg8 45. g6 Rd8 46. Ra7 1-0